<?xml version="1.0" encoding="UTF-8"?><?xml-stylesheet type="text/xsl" href="static/style.xsl"?><OAI-PMH xmlns="http://www.openarchives.org/OAI/2.0/" xmlns:xsi="http://www.w3.org/2001/XMLSchema-instance" xsi:schemaLocation="http://www.openarchives.org/OAI/2.0/ http://www.openarchives.org/OAI/2.0/OAI-PMH.xsd"><responseDate>2026-06-02T06:50:00Z</responseDate><request verb="GetRecord" identifier="oai:docta.ucm.es:20.500.14352/104421" metadataPrefix="marc">https://docta.ucm.es/rest/oai/request</request><GetRecord><record><header><identifier>oai:docta.ucm.es:20.500.14352/104421</identifier><datestamp>2025-03-18T11:56:06Z</datestamp><setSpec>com_20.500.14352_14</setSpec><setSpec>col_20.500.14352_15</setSpec></header><metadata><record xmlns="http://www.loc.gov/MARC21/slim" xmlns:dcterms="http://purl.org/dc/terms/" xmlns:xsi="http://www.w3.org/2001/XMLSchema-instance" xmlns:doc="http://www.lyncode.com/xoai" xsi:schemaLocation="http://www.loc.gov/MARC21/slim http://www.loc.gov/standards/marcxml/schema/MARC21slim.xsd">
   <leader>00925njm 22002777a 4500</leader>
   <datafield ind2=" " ind1=" " tag="042">
      <subfield code="a">dc</subfield>
   </datafield>
   <datafield ind2=" " ind1=" " tag="720">
      <subfield code="a">García Calvo, Eduardo Rafael</subfield>
      <subfield code="e">author</subfield>
   </datafield>
   <datafield ind2=" " ind1=" " tag="720">
      <subfield code="a">García García, Aina</subfield>
      <subfield code="e">author</subfield>
   </datafield>
   <datafield ind2=" " ind1=" " tag="720">
      <subfield code="a">Rodríguez Gómez, Santiago</subfield>
      <subfield code="e">author</subfield>
   </datafield>
   <datafield ind2=" " ind1=" " tag="720">
      <subfield code="a">Martín De Santos, María Del Rosario</subfield>
      <subfield code="e">author</subfield>
   </datafield>
   <datafield ind2=" " ind1=" " tag="720">
      <subfield code="a">García Lacarra, Teresa</subfield>
      <subfield code="e">author</subfield>
   </datafield>
   <datafield ind2=" " ind1=" " tag="260">
      <subfield code="c">2024-04-26</subfield>
   </datafield>
   <datafield ind2=" " ind1=" " tag="520">
      <subfield code="a">This study presents the development of a sandwich ELISA method for gluten detection in foods, using recombinant Fab antibody fragments against gliadin. The Fabs were chemically biotinylated and immobilized on streptavidin-coated plates as capture antibodies, while alkaline phosphatase-conjugated Fabs were used as detection antibodies. Four different gliadin-binding Fabs were tested and the Fab pair Fab8E-4 and Fab-C showed the best compatibility. An indirect sandwich immunoassay, using unmodified Fab8E-4 for capture and Fab-C as the detection antibody, achieved a detection limit of 26 ng/mL of gliadin, corresponding to 10 mg/kg of gluten in foods. No cross-reactivity was observed against 60 gluten-free species commonly used in the food industry. Analysis of 50 commercial products demonstrated consistent results compared to the standard method for gluten detection. The complete lack of cross-reactivity of the developed immunoassay with oat products potentially provides an advantage over other gluten detection systems.</subfield>
   </datafield>
   <datafield ind1="8" ind2=" " tag="024">
      <subfield code="a">Garcia-Calvo, E.; García-García, A.; Rodríguez, S.; Martín, R.; García, T. Exploring Gluten Assessment in Marketed Products through a Sandwich ELISA Methodology Based on Novel Recombinant Antibodies. Foods 2024, 13, 1341. https://doi.org/10.3390/ foods13091341</subfield>
   </datafield>
   <datafield ind1="8" ind2=" " tag="024">
      <subfield code="a">2304-8158</subfield>
   </datafield>
   <datafield ind1="8" ind2=" " tag="024">
      <subfield code="a">10.3390/foods13091341</subfield>
   </datafield>
   <datafield ind1="8" ind2=" " tag="024">
      <subfield code="a">https://hdl.handle.net/20.500.14352/104421</subfield>
   </datafield>
   <datafield ind1="8" ind2=" " tag="024">
      <subfield code="a">https://doi.org/10.3390/foods13091341</subfield>
   </datafield>
   <datafield ind1="8" ind2=" " tag="024">
      <subfield code="a">38731712</subfield>
   </datafield>
   <datafield ind1="8" ind2=" " tag="024">
      <subfield code="a">https://pubmed.ncbi.nlm.nih.gov/38731712/</subfield>
   </datafield>
   <datafield ind2="0" ind1="0" tag="245">
      <subfield code="a">Exploring Gluten Assessment in Marketed Products through a Sandwich ELISA Methodology Based on Novel Recombinant Antibodies</subfield>
   </datafield>
</record></metadata></record></GetRecord></OAI-PMH>